| 000 | 01366cam a22003857a 4500 | ||
|---|---|---|---|
| 003 | CHAP | ||
| 005 | 20230822062642.0 | ||
| 008 | 971013s1979 r 00010 d | ||
| 010 | _a44944 | ||
| 011 | _a45916 | ||
| 035 | _a50056 | ||
| 040 | _cCHAP | ||
| 082 |
_a312.098 _bU7 |
||
| 100 | 0 | 0 |
_aUrzúa, Raúl. _9117022 |
| 245 | 1 | 3 | _aEl desarrollo y la población en América Latina |
| 260 |
_aMéxico, D.F. : _bSiglo XXI, _c1979 |
||
| 300 | _a299 p. | ||
| 490 | 0 | _aEconomía y demografía | |
| 590 |
_aBATCH-UPD _b10 _c20130109 _lUCH01 _h2326 |
||
| 590 |
_aBATCH-UPD _b10 _c20130110 _lUCH01 _h1931 |
||
| 590 |
_aBATCH-UPD _b10 _c20130409 _lUCH01 _h1850 |
||
| 590 |
_aBATCH-UPD _b10 _c20130410 _lUCH01 _h1256 |
||
| 590 |
_aBATCH-UPD _b10 _c20130914 _lUCH01 _h1141 |
||
| 590 |
_aCONVERSION _b10 _c20130109 _lUCH01 _h1325 |
||
| 650 | 1 | 4 |
_aAmerica Latina _xCondiciones economicas. _95390 |
| 650 | 1 | 4 |
_aAmerica Latina _xCondiciones sociales. _95395 |
| 650 | 1 | 4 |
_aDemografía. _931742 |
| 650 | 1 | 4 |
_aEmigración e inmigración. _936517 |
| 650 | 1 | 4 |
_aPoblación _xAmérica Latina. _989362 |
| 830 | 0 | 4 |
_aEconomía y demografía (Siglo XXI Editores) _935280 |
| 901 | _aBK | ||
| 942 | _cLIBRO | ||
| 949 |
_a312.098 U7 _bBC _cLIBRO _d33724000303285 _eLIBRO _fc.2 _gI.c/e _h67218 _i50056 _si _t450.00 |
||
| 949 |
_a312.098 U7 _bBC _cLIBRO _d33724000959474 _eLIBRO _gI.c/e _h67217 _i50056 _si _t450.00 |
||
| 999 |
_c44944 _d44944 |
||